00905nam a2200205 a 4500001001000000005001700010008004100027041000800068044000700076050002100083245012500104260004400229300001700273440007900290500000900369505021200378651006800590700002100658700002000679BRCA_413120190320204544.0140410m19051907mx-#######---#000-0#spa-# aspa amx 4aF1233b.C66 190510aCorrespondencia secreta de los principales intervencionistas mexicanoscpublicados por Genaro García y Carlos Pereyra. aMéxicobVda. de Ch. Bouretc1905-1907 a3 v.c21 cm. 0aDocumentos inéditos ó muy raros para la historia de Méxicov1, 4, 13 aC1590 aContenido: v.1. 1860-1862, (1905). -- v.2. Segunda parte, (1906). -- v.3. Tercera y última parte: Historia del proyecto del Concordato mexicano y documentos sobre la Reforma é invasión francesa, (1907) 4aMéxicovFuentesxHistoriayIntervención francesa, 1861-18671 aGarcía, Genaro1 aPereyra, Carlos